1185 1324 1623 1442 1220 1315 1972 1606 1250 1521 1211 1726 1292 1721 1900 1606 1833 1518 1926 1355 1805 1406 1105 1063 1544 1009 1304 1396 1422 1098 1263 1406 1635 1552 1884 1708 1578 1464 1126 1038 1113 1425 1783 1014 1939 1526 1818 1298 1856 1012 1758 1428 1834 1017 1420 1631 1102 1951 1877 1089 1077 1016 1548 1347 1164 1143 1080 1256 1464 1875 1329 1417 1561 1317 1333 1251 1023 1306 1582 1975 1013 1668 1690 1007 1198 1038 1387 1960 1824 1385 1685 1568 1905 1278 1527 1233 1372 1634 1826 BCNSPRNW ULIB Ver.6.0+V

เปลี่ยนเป็นภาษาไทย

Change to English
 แสดงรายละเอียดบรรณานุกรม
  กลับหน้าหลัก

Brief Record : Get Marc (ISO 2709) : E-mail record : QR code < ปิดหน้าต่าง
LEADER : 00000nam 2200000uu 4500
001    13399112858
003     ULIB
008    110914s2550||||th 000 0 tha d
020    9749471776
090    นว.^bร151ส
100 0  ร่มแก้ว
245 00 สุดแดนหัวใจ ขอฝากหัวใจไว้ที่เธอ/^cร่มแก้ว
250    พิมพ์ครั้งที่ 1
260    กรุงเทพฯ :^bพิมพ์คำ,^c2550
300    318 หน้า
945    ^p200^l0^i14460
995    กัณชพร
999     ^aใช้งานได้ทุกระบบ
รายการนี้ยังไม่มีแท็ก
คุณยังไม่ได้ล็อกอิน คุณสามารถมีกิจกรรมร่วมกับเว็บไซต์ได้ แต่ต้องล็อกอินก่อน ::
  ล็อกอิน

รายการสื่อสารสนเทศ

ลำดับที่ ประเภท เลขเรียก/บาร์โค้ด สถานที่ สถานะ
1. นวนิยาย
นวนิยาย
นว. ร151ส  
  Barcode: 14460
ห้องสมุดวิทยาเขตสวรรค์ประชารักษ์
►นวนิยาย
ถูกยืม กำหนดส่งวันที่ 16 ธันวาคม 2559
  จอง

รายการใกล้เคียง
    ผู้แต่ง [ร่มแก้ว]

BibComment


ยังไม่เคยถูกคอมเมนท์

คอมเมนท์ทรัพยากรรายการนี้
  คอมเมนท์: สุดแดนหัวใจ ขอฝาก..


 Copyright 2026. Bcnsprnw @Library